Т. 2 : Химический анализ. Оборудование лабораторий и практикум по препаративной химии; Анорганикум

Podrobná bibliografie
Parent link:Анорганикум: [учебное пособие]/ ред. Л. Кольдиц. Т. 2 : Химический анализ. Оборудование лабораторий и практикум по препаративной химии.— , 1984
Jazyk:ruština
Vydáno: 1984
Témata:
Médium: Kniha
KOHA link:https://koha.lib.tpu.ru/cgi-bin/koha/opac-detail.pl?biblionumber=274801

MARC

LEADER 00000nam2a2200000 4500
001 274801
005 20231101234749.0
035 |a (RuTPU)RU\TPU\book\298030 
090 |a 274801 
100 |a 20141110d1984 m y0rusy50 ca 
101 1 |a rus  |c ger 
102 |a RU 
105 |a a j 001zy 
200 0 |a Т. 2 : Химический анализ. Оборудование лабораторий и практикум по препаративной химии 
210 |d 1984 
215 |a 632 с.  |c ил. 
320 |a Библиогр.: с. 611-619 
320 |a Предметный указатель: с. 620-627 
461 1 |0 (RuTPU)RU\TPU\book\293155  |t Анорганикум  |o [учебное пособие]  |o пер. с нем.  |o в 2 т.  |f ред. Л. Кольдиц  |v Т. 2 : Химический анализ. Оборудование лабораторий и практикум по препаративной химии  |d 1984 
606 1 |a Неорганическая химия  |2 stltpush  |3 (RuTPU)RU\TPU\subj\67586  |9 83311 
610 1 |a качественный анализ 
610 1 |a количественный химический анализ 
610 1 |a электрохимические методы 
610 1 |a спектроскопические методы 
610 1 |a радиохимические методы 
610 1 |a термический анализ 
610 1 |a следовый анализ 
610 1 |a оборудование 
610 1 |a лабораторная техника 
610 1 |a препаративная химия 
610 1 |a препараты 
610 1 |a синтез 
610 1 |a учебные пособия 
610 1 |a библиотека А. Г. Стромберга 
675 |a 546(075.8)  |v 4 
801 1 |a RU  |b 63413507  |c 20141110 
801 2 |a RU  |b 63413507  |c 20170912  |g RCR 
942 |c BK